| 000 | 00550nam a2200181Ia 4500 | ||
|---|---|---|---|
| 005 | 20250326144042.0 | ||
| 008 | 250326s9999 xx 000 0 und d | ||
| 037 | _aTextbook | ||
| 040 |
_aFMSL _beng _cFMSL |
||
| 041 |
_aeng _2eng |
||
| 084 |
_aX:89P L4.2 _qFMSL |
||
| 100 |
_aAthkrishaad B _9748965 |
||
| 245 | 0 |
_aProject studies in industrial engineering _cAthkrishaad B; Kalra S K |
|
| 260 |
_aNew Delhi _bNew Delhi, National Productivity Council _c1974 |
||
| 300 | _a298p | ||
| 942 |
_cTB _hX:89P L4.2 |
||
| 999 |
_c1302163 _d1302163 |
||